Tools for PDE : pseudodifferential operators, paradifferential operarors, and layer potentials
Αποθηκεύτηκε σε:
| Κύριος συγγραφέας: | |
|---|---|
| Μορφή: | Βιβλίο |
| Γλώσσα: | English |
| Δημοσίευση: |
Providence, R.I. :
American Mathematical Society,
c2000
|
| Σειρά: | Mathematical surveys and monographs ;
; v.81 |
| Θέματα: | |
| Ετικέτες: |
Προσθήκη ετικέτας
Δεν υπάρχουν, Καταχωρήστε ετικέτα πρώτοι!
|
MARC
| LEADER | 00000nam a2200000 i 4500 | ||
|---|---|---|---|
| 001 | 1/13373 | ||
| 008 | 001124s2000 eng d | ||
| 020 | |a 0-8218-2633-6 | ||
| 035 | |l 10064596 | ||
| 040 | |a GR-MY-UA |b gre |e aacr | ||
| 041 | 0 | |a eng | |
| 082 | 0 | |a 515.353 | |
| 100 | 1 | |a Taylor, Michael Eugene |d 1946- | |
| 245 | 1 | 0 | |a Tools for PDE : |b pseudodifferential operators, paradifferential operarors, and layer potentials / |c Michael E. Taylor |
| 260 | |a Providence, R.I. : |b American Mathematical Society, |c c2000 | ||
| 300 | |a x, 257 p.; |b ill.; |c 24 cm. | ||
| 490 | 1 | |a Mathematical surveys and monographs |v ; v.81 | |
| 504 | |a Includes bibliographical references and index | ||
| 650 | 0 | 0 | |a Differential equations, Partial. |
| 830 | 0 | |a Mathematical surveys and monographs ; |v ; v.81 | |
| 852 | |a INST |b SAMOS |e 20001124 |h 515.353 TAY |p 005300018363 |q 005300018363 |t BK |y 0 | ||
| 901 | |a BIBL3-2000-3 | ||
| 909 | |a Σ |b 082316 | ||
| 922 | |a 3ΕΛΗ |b 200010 |c ΤΣΑΕ/ΚΒ |d ΜΙΧΑΛΟΠΟΥΛΟΣ | ||
| 950 | |a 184-2000-09-12 | ||
| 970 | |a ΠΟΥΡΝΑΡΑΣ |b ΔΗΜΗΤΡΗΣ |z 2000/11/29 | ||